000 00502nam a22001817a 4500
999 _c11746
_d11746
008 210101b 2010 ||||| |||| 00| 0 eng d
082 _a343.096
_bNAI
100 _aNaik, M. V.
245 _aMaritime legislation & shipboard management for deck officers
250 _a7th
260 _aMumbai
_bMarine Aid Publication
_c2010
300 _a556p.
650 _aLiner Bill of Lading
650 _aLay time definitions
650 _aInsurance
700 _aDubey, C. L.
_eCo-author
942 _cBK